[Event "Olympiad Women 2024"]
[Site "Budapest HUN"]
[Date "2024.09.12"]
[Round "2.7"]
[Board "1"]
[White "Ryjanova, Julia"]
[Black "Mammadzada, Gunay"]
[Result "0-1"]
[WhiteElo "2255"]
[BlackElo "2433"]
[PlyCount "170"]
[EventDate "2024.09.11"]
[WhiteTeam "Australia"]
[BlackTeam "Azerbaijan"]
[WhiteTeamCountry "AUS"]
[BlackTeamCountry "AZE"]

1. d4 {Marin,Mihail} d5 2. c4 c6 3. Nf3 Nf6 4. Qc2 dxc4 5. Qxc4 Bf5 6. g3 e6 7. Bg2 Be7 8. Nc3 O-O 9. O-O Nbd7 10. Re1 Ne4 11. Qb3 Nb6 ({RR} 11... Qb6 12. Nh4 Bxh4 ({RR} 12... Qxb3 13. axb3 Bb4 14. Nxf5 exf5 15. Bxe4 fxe4 16. Bd2 Rfe8 ({RR} 16... Bxc3 17. bxc3) 17. Nxe4 Rxe4 18. Bxb4 Rxd4 19. Bc3 Re4 20. f3 Re7 21. e4 f6 22. Red1 Kf7 23. Kf2 Ke8 24. g4 Ne5 25. Kg3 Nf7 26. h4) 13. gxh4 Nef6 14. e4 ({RR} 14. Qxb6 axb6 15. Bf4 b5 16. Bd6 Rfd8 17. e4 Bg6 18. f3 Nf8 19. Bc5 Bh5 20. a4 bxa4 21. Nxa4 Ng6 22. Nb6 Rab8 23. Re3 Nxh4 24. Rb3 h6 25. Bh1 Kh7 26. Kf2 Rg8 27. Ra7) 14... Bg6 ({RR} 14... Qxb3 15. axb3 Bg6 16. Bf4 Rfe8 17. Bd6 a6 18. d5 ({RR} 18. Na4 Rad8 19. f3 h6 20. Rad1) 18... cxd5 19. exd5 e5) 15. Qxb6 axb6 16. Bf4 Rfe8 17. Rad1 b5 ({RR} 17... e5 18. dxe5 Nxe5 19. f3 Bh5 20. Bxe5 ({RR} 20. Kf2) 20... Rxe5 21. a4 Re7 22. Rd4 Kf8 23. Ne2 Bg6 24. Red1 Nh5 25. Ng3 c5 26. Rd8+ Rxd8 27. Rxd8+ Re8 28. Rxe8+ Kxe8 29. Kf2 Nxg3 30. hxg3 f6 31. Ke3) 18. Bd6 e5 19. d5 Nh5 20. Bf1 f6 21. b3 Nf4 22. a4 bxa4 23. bxa4 Bf7 24. Rb1 Ra7 25. Red1 Rc8 ({RR} 25... cxd5 26. Nxd5 ({RR} 26. exd5 Rc8) 26... Bxd5 27. exd5 Rc8) 26. Ne2 {1-0 Aronian,L (2744)-Anand,V (2779) Morelia/Linares 24th 2007 (5)}) 12. a4 ({RR} 12. e3 Nxc3 13. bxc3 Be4 14. c4 Qc7 15. Bb2 Bf6 16. a4 Rfd8 17. a5 Nc8 18. a6 b6 19. Nd2 Bxg2 20. Kxg2 c5 21. Ne4 Be7 22. dxc5 Bxc5 23. Qc3 Bf8 24. Nf6+ Kh8 25. Nh5 f6 26. e4 e5 {0-1 Matveeva,O (2136)-Kononenko,D (2207) Titled Tue 23rd Jul Early 2024 (11)}) 12... a5 13. Nh4 $146 ({RR} 13. Rd1 Bd6 14. Nh4 Nxc3 15. bxc3 Bg4 16. Nf3 Bf5 17. Ne1 Rb8 18. Nd3 Re8 19. e4 Bg4 20. f3 Bh5 21. Be3 Nd7 22. Rab1 Qe7 23. Nf4 Bg6 24. Nxg6 hxg6 25. f4 Rec8 26. e5 Bc7 27. c4 Bb6 {½-½ Donchenko,A (2317)-Tong,K (2060) Bayern-chI Bank Hofmann 20th 2016 (9)}) ({RR} 13. h4 c5 14. Nxe4 Bxe4 15. dxc5 Bxc5 16. Bg5 Qd5 17. Qxd5 Bxd5 18. Rec1 Rac8 19. Ne1 Bxg2 20. Kxg2 Bd4 21. Nd3 Nc4 22. Rab1 f6 23. b3 fxg5 24. bxc4 gxh4 25. gxh4 Rc7 26. e3 Bf6 27. h5 Rfc8 {1-0 Lee,S (2109)-Zinmar,M (2091) Seoul op 2008 (6)}) 13... Bxh4 14. Nxe4 Be7 15. e3 Bb4 16. Rd1 Bg4 17. f3 Bh5 18. Bd2 Nd5 19. Nf2 Qe7 20. Bxb4 Nxb4 21. Nd3 Nd5 22. Re1 Ra6 23. Qc2 Rb6 24. Qd2 Nb4 25. Ne5 Rd8 26. Nc4 Ra6 27. Qc3 f6 28. Nd2 c5 29. dxc5 Rd3 30. Qc1 Rc6 31. Ne4 f5 32. Nc3 Qxc5 33. h3 Rc8 34. g4 Be8 35. Bf1 Bc6 36. Nb5 Qe5 37. Nd4 Qg3+ 38. Bg2 Rd8 39. Rf1 Qe5 40. gxf5 exf5 41. f4 Qxe3+ 42. Qxe3 Rxe3 43. Nxc6 Nxc6 44. Rfd1 Nd4 45. Kf1 b6 46. Rac1 Re6 47. Rc7 Red6 48. Re1 R8d7 49. Re7 Rxc7 50. Rxc7 Ne6 51. Rc4 Kf7 52. Ke2 Nd4+ 53. Ke3 Nb3 54. Rc6 Rxc6 55. Bxc6 Ke6 56. Be8 Ke7 57. Bb5 Nc5 58. Kd4 Kd6 59. Be8 Ne6+ 60. Ke3 Ke7 61. Bb5 g5 62. fxg5 Nxg5 63. h4 Ne6 64. Kf2 Kf6 65. Ke3 Ke5 66. Bd3 h6 67. Kf3 Nf4 68. Bb1 Ne6 69. Ke3 Nd4 70. Bd3 f4+ 71. Kf2 Nf5 72. h5 Ng3 73. Bg6 Kf6 74. Kf3 Kg5 75. Be8 Nxh5 76. Bd7 Nf6 77. Bc8 h5 78. Be6 Ng4 79. Bc8 Ne5+ 80. Kg2 Nc4 81. b3 Nd2 82. Be6 f3+ 83. Kg3 h4+ 84. Kf2 Kf4 85. Bd5 h3 0-1

[Event "Olympiad Women 2024"]
[Site "Budapest HUN"]
[Date "2024.09.12"]
[Round "2.7"]
[Board "2"]
[White "Beydullayeva, Govhar"]
[Black "Zhang, Jilin"]
[Result "1/2-1/2"]
[WhiteElo "2395"]
[BlackElo "2155"]
[PlyCount "109"]
[EventDate "2024.09.11"]
[WhiteTeam "Azerbaijan"]
[BlackTeam "Australia"]
[WhiteTeamCountry "AZE"]
[BlackTeamCountry "AUS"]

1. d4 d5 2. c4 dxc4 3. Nf3 Nf6 4. e3 e6 5. Bxc4 c5 6. O-O a6 7. Re1 Nbd7 ({RR} 7... Nc6 8. Nc3 b5 9. Bd3 Bb7 10. a4 b4 11. Ne4 Na5 12. Nxc5 Bxc5 13. dxc5 Nd7 14. c6 Nxc6 15. b3 Qf6 16. Ra2 Nce5 17. Nxe5 Nxe5 18. Be2 O-O 19. Rd2 Rac8 20. f3 h5 21. e4 h4 22. h3 {1-0 Ding,L (2799)-Aronian,L (2782) Speed Chess Chess.com INT blitz 2021 (2.11)}) 8. e4 b5 9. Bd3 $146 ({RR} 9. Bf1 Bb7 10. d5 c4 11. dxe6 fxe6 12. e5 Ne4 13. Nc3 Ndc5 14. Nd4 Nxc3 15. bxc3 Qd5 16. Qg4 O-O-O 17. Bg5 Rd7 18. Rad1 h5 19. Qh3 Nd3 20. Bxd3 cxd3 21. Nxe6 Kb8 22. Nf4 Qc6 23. e6 d2 {1-0 Cheparinov,I (2672)-Vachier Lagrave,M (2761) Chess.com Rapid Wk5 Swiss 2022 (3)}) ({RR} 9. Bf1 Bb7 10. e5 Nd5 11. a4 b4 12. Nbd2 cxd4 13. Nc4 Bc5 14. Nxd4 O-O 15. Qg4 h5 16. Qd1 Qh4 17. Be3 Nxe3 18. fxe3 Rad8 19. Nf3 Qg4 20. Qe2 Nb6 21. Na5 Be4 22. Qf2 Nd5 23. Nb3 Ba7 {1-0 Drygalov,S (2558)-Kaliakhmet,E (2110) Titled Tue 9th Apr Early 2024 (1)}) ({RR} 9. Bf1 cxd4 10. Nxd4 Bc5 11. Nb3 Bb6 12. e5 Nd5 13. Qg4 Kf8 14. Nc3 Bb7 15. Bg5 Qb8 16. Nxd5 Bxd5 17. Rac1 h6 18. Qb4+ Kg8 19. Be7 g6 20. Bd6 Qa7 21. Rc2 Kg7 22. Rec1 Bb7 23. Bc7 Rhe8 {1-0 Sivuk,V (2489)-Lim,Z (2294) 6th Sharjah Challengers 2023 (4.1)}) 9... Bb7 10. d5 e5 11. b3 Qc7 12. Nbd2 Rb8 13. a4 Bc8 14. Qe2 Qb6 15. Nb1 Bd6 16. axb5 axb5 17. Nc3 b4 18. Nb5 O-O 19. Qa2 Ne8 20. Nxd6 Nxd6 21. Qa5 Qxa5 22. Rxa5 Bb7 23. Bb2 f6 24. Nd2 Ra8 25. Rea1 Rxa5 26. Rxa5 Ra8 27. Rxa8+ Bxa8 28. h4 Kf7 29. g3 Ke7 30. f4 Bb7 31. Kf2 Nf7 32. Nc4 exf4 33. gxf4 Ba6 34. Ke3 Bxc4 35. Bxc4 Kd6 36. Bf1 Nb6 37. Kd3 Nh6 38. Bh3 Nf7 39. Be6 Nd8 40. Bg8 h6 41. e5+ Ke7 42. d6+ Kd7 43. Bh7 fxe5 44. fxe5 g5 45. Bf5+ Kc6 46. Be4+ Kd7 47. h5 Ke6 48. Bh7 g4 49. Ke4 g3 50. Bf5+ Kf7 51. Kf3 Ne6 52. Bg6+ Kg7 53. Bf5 Kf7 54. Bg6+ Kg7 55. Bf5 1/2-1/2

[Event "Olympiad Women 2024"]
[Site "Budapest HUN"]
[Date "2024.09.12"]
[Round "2.7"]
[Board "3"]
[White "Nguyen, Thu Giang"]
[Black "Balajayeva, Khanim"]
[Result "0-1"]
[WhiteElo "2068"]
[BlackElo "2384"]
[PlyCount "128"]
[EventDate "2024.09.11"]
[WhiteTeam "Australia"]
[BlackTeam "Azerbaijan"]
[WhiteTeamCountry "AUS"]
[BlackTeamCountry "AZE"]

1. e4 e5 2. Nf3 Nc6 3. Nc3 Nf6 4. d4 exd4 5. Nxd4 Bb4 6. Nxc6 bxc6 7. Bd3 d5 8. exd5 O-O 9. O-O cxd5 10. h3 c6 11. Qf3 Bd6 12. Re1 Rb8 13. b3 Be6 14. Bf4 Bxf4 15. Qxf4 c5 ({RR} 15... a5 16. Na4 Rb4 17. Qe3 d4 18. Qg3 Bd5 19. Re2 Re8 20. Rae1 Rxe2 21. Rxe2 Qf8 22. Qc7 Nh5 23. g3 g6 24. Qxa5 Qc8 25. Qxb4 Qxh3 26. Qb8+ Kg7 27. Be4 Nxg3 28. Qxg3 {1-0 Beulen,M (2359)-Oliveira,T (1982) Titled Tue 2nd Jul Late 2024 (4)}) 16. Rad1 Qa5 17. Re3 $146 ({RR} 17. Qd2 Qb4 18. Na4 Rfc8 19. c3 Qa3 20. Bc2 Bd7 21. Nb2 c4 22. Rb1 Kh8 23. Qc1 cxb3 24. Bxb3 Bf5 25. Ra1 Ne4 26. Na4 Qxc1 27. Raxc1 Be6 28. Rcd1 Nf6 29. Re3 Rc7 30. f3 Rbc8 31. Rd4 {½-½ Mammadov,Z (2398)-Visakh,N (2536) TCh-TUR Super League 2023 (2.1)}) ({RR} 17. Na4 Bd7 18. Nb2 Qxa2 19. Na4 Qa3 20. Ra1 Qb4 21. Qxb4 cxb4 22. Nc5 Bb5 23. Rxa7 Bxd3 24. Nxd3 Ra8 25. Rxa8 Rxa8 26. Nxb4 Rb8 27. Nc6 Rb6 28. Ra1 g6 29. Ra8+ Kg7 30. Nd4 Rb4 31. Ra4 Rb6 {0-1 Mikhailovsky,V (2215)-Moskvin,A (2189) Titled Tue 27th Dec Early 2022 (3)}) 17... Rb4 18. Qe5 Nd7 19. Qh5 Nf6 20. Qe5 Nd7 21. Qh5 g6 22. Qh6 Qd8 23. Rg3 Qf6 24. Ne2 Rh4 25. Qe3 Qe5 26. Qxe5 Nxe5 27. f4 Nxd3 28. Rdxd3 Rh5 29. Rge3 d4 30. g4 Rd5 31. Rg3 Bc8 32. Nc3 Rd6 33. Ne4 Rc6 34. Nf2 Re8 35. Rd2 Re1+ 36. Kh2 Rce6 37. Nd3 Ra1 38. Rg1 Rxa2 39. Nxc5 Rc6 40. Ne4 Rcxc2 41. Rxc2 Rxc2+ 42. Kg3 Bb7 43. Nd6 Bc6 44. Ra1 Rc3+ 45. Kf2 Rxb3 46. Rxa7 Rf3+ 47. Ke2 Rxf4 48. Rc7 Bg2 49. g5 Bxh3 50. Kd3 Kf8 51. Ra7 Be6 52. Rc7 Rg4 53. Rc5 Ke7 54. Nb5 Bf5+ 55. Kd2 d3 56. Rc7+ Ke6 57. Rc6+ Kd5 58. Rf6 Rg2+ 59. Ke3 Re2+ 60. Kf3 Re7 61. Nc3+ Kd4 62. Nd1 Re1 63. Nf2 Be6 64. Rf4+ Ke5 0-1

[Event "Olympiad Women 2024"]
[Site "Budapest HUN"]
[Date "2024.09.12"]
[Round "2.7"]
[Board "4"]
[White "Mammadova, Gulnar"]
[Black "Shen, Zhiyuan"]
[Result "1/2-1/2"]
[WhiteElo "2336"]
[BlackElo "1969"]
[PlyCount "90"]
[EventDate "2024.09.11"]
[WhiteTeam "Azerbaijan"]
[BlackTeam "Australia"]
[WhiteTeamCountry "AZE"]
[BlackTeamCountry "AUS"]

1. e4 c5 2. Nf3 Nc6 3. Bb5 g6 4. O-O Bg7 5. d3 d6 6. Bxc6+ bxc6 7. e5 Bg4 8. exd6 exd6 9. Nbd2 Ne7 10. h3 Bxf3 11. Nxf3 O-O 12. c3 Nd5 13. Bd2 Rb8 14. Qc2 Qd7 15. Rfe1 Rfe8 $146 ({RR} 15... a5 16. a4 Qb7 17. Rab1 Qb3 18. Qd1 Qxd1 19. Rexd1 Rb3 20. d4 c4 21. Rdc1 Rfb8 22. Rc2 h6 23. Be1 Nf4 24. Nd2 R3b7 25. Nxc4 d5 26. Nxa5 Rb6 27. b4 Ra6 28. Rd1 Bf6 29. Ra2 Rba8 30. Bd2 {1-0 Mammadova,G (2350)-Savitha,S (2358) World Blitz Women 2023 (9.31)}) 16. Rxe8+ Rxe8 17. Re1 Rxe1+ 18. Nxe1 Qe6 19. Kf1 Nb6 20. c4 d5 21. Be3 dxc4 22. Bxc5 Qd5 23. Bxb6 cxd3 24. Qxd3 Qxd3+ 25. Nxd3 axb6 26. Nb4 Bxb2 27. Nxc6 Kf8 28. Ke2 Ke8 29. Kd3 Kd7 30. Na7 Ba3 31. Kc4 Bc5 32. f3 Kd6 33. a4 h5 34. Kb5 f6 35. Nc8+ Kc7 36. Na7 Kd6 37. Ka6 Kc7 38. Kb5 Kd6 39. Kc4 Bf2 40. Nc8+ Kd7 41. Na7 Kd6 42. Nb5+ Ke5 43. Kd3 Kf4 44. Ke2 Bc5 45. Nc3 Bd4 1/2-1/2

[Event "Olympiad Women 2024"]
[Site "Budapest HUN"]
[Date "2024.09.12"]
[Round "2.8"]
[Board "1"]
[White "Tokhirjonova, Gulrukhbegim"]
[Black "Mendoza, Shania Mae"]
[Result "1/2-1/2"]
[WhiteElo "2380"]
[BlackElo "2013"]
[PlyCount "147"]
[EventDate "2024.09.11"]
[WhiteTeam "United States of America"]
[BlackTeam "Philippines"]
[BlackTeamCountry "PHI"]

1. e4 d5 2. exd5 Qxd5 3. Nc3 Qa5 4. d4 c6 5. Bc4 Nf6 6. Nge2 g6 7. O-O Bg7 8. Nf4 ({RR} 8. h3 O-O 9. Be3 Nbd7 10. Qd2 Nb6 11. Bb3 Qa6 12. Bh6 Nc4 13. Bxc4 Qxc4 14. Bxg7 Kxg7 15. Rfe1 Rd8 16. Qe3 Qb4 17. b3 Bf5 18. Rac1 h5 19. Ng3 Be6 20. Rcd1 h4 21. Nge4 Bf5 22. f3 Nd5 {0-1 Hlavina,M (2133)-Petr,M (2500) Pardubice Czech op-E 33rd 2022 (7.1)}) 8... O-O 9. Re1 Re8 $146 ({RR} 9... e6 10. Nd3 Nbd7 11. a3 Nd5 12. Ne2 Qd8 13. c3 b6 14. Nef4 Bb7 15. Qf3 N7f6 16. Bd2 Nxf4 17. Bxf4 Nd5 18. Bg3 Qf6 19. Qe4 Rfe8 20. a4 a5 21. Ne5 Qe7 22. Qe2 Red8 23. Rad1 Rac8 24. Nd3 {1-0 Vasquez Schroder,R (2475)-Michel Yunis,C (2370) CHI-ch Santiago de Chile 1993}) ({RR} 9... e6 10. Be3 Nbd7 11. Qf3 Nb6 12. Bb3 Nbd5 13. Ncxd5 exd5 14. h3 Bf5 15. g4 Bd7 16. c3 Rae8 17. Nd3 Ne4 18. Qg2 Qd8 19. f3 Ng5 20. Re2 Qf6 21. Rf1 h6 22. Ne5 Bc8 23. h4 Nh7 24. g5 {½-½ Lehtivaara,R (2121)-Bjarnemark,D (2029) FIN-chT1B 1819 2018 (5.5)}) 10. Nd3 Bg4 11. Qd2 Nbd7 12. Ne5 Nxe5 13. dxe5 Nd5 14. Bxd5 cxd5 15. Qxd5 Qa6 16. Qb5 Qxb5 17. Nxb5 Red8 18. h3 Bd7 19. Na3 Rac8 20. c3 Bf5 21. Be3 Bxe5 22. Bxa7 Bf6 23. Be3 Rd5 24. Red1 Rxd1+ 25. Rxd1 Be6 26. Nb5 Bxa2 27. Rd7 Rb8 28. Ba7 Be6 29. Rc7 Rd8 30. Bd4 Rd7 31. Bxf6 Rxc7 32. Nxc7 exf6 33. Ne8 f5 34. Nd6 b6 35. f4 Kf8 36. Kf2 Ke7 37. Nb5 h6 38. h4 f6 39. Ke3 g5 40. g3 Bd7 41. Na3 Kf7 42. hxg5 fxg5 43. Nc4 b5 44. Ne5+ Ke6 45. b3 Be8 46. Kd4 Bh5 47. c4 bxc4 48. Kxc4 Be2+ 49. Kd4 Kf6 50. b4 gxf4 51. gxf4 h5 52. Ke3 Bg4 53. Kf2 Ke6 54. b5 Kd6 55. b6 Bd1 56. Kg3 Bc2 57. Nf3 Be4 58. Nd4 Kc5 59. Nxf5 Kxb6 60. Ng7 Kc5 61. Nxh5 Kd6 62. Nf6 Bb1 63. Kf3 Ke6 64. Ne4 Bxe4+ 65. Kxe4 Kf6 66. f5 Kf7 67. Ke5 Ke7 68. f6+ Kf7 69. Kf5 Kf8 70. Kg4 Kf7 71. Kg5 Kf8 72. Kg6 Kg8 73. f7+ Kf8 74. Kf6 1/2-1/2

[Event "Olympiad Women 2024"]
[Site "Budapest HUN"]
[Date "2024.09.12"]
[Round "2.8"]
[Board "2"]
[White "Frayna, Janelle Mae"]
[Black "Yip, Carissa"]
[Result "0-1"]
[WhiteElo "2216"]
[BlackElo "2386"]
[PlyCount "109"]
[EventDate "2024.09.11"]
[WhiteTeam "Philippines"]
[BlackTeam "United States of America"]
[WhiteTeamCountry "PHI"]

1. c4 g6 2. d4 Bg7 3. Nf3 d6 4. Nc3 Nf6 5. e4 O-O 6. Be2 Nbd7 7. O-O e5 8. Re1 Re8 9. Bf1 exd4 10. Nxd4 a6 11. f3 ({RR} 11. Bg5 c6 12. Qd2 Nc5 13. f3 Qc7 14. Kh1 Nfd7 15. Bh6 a5 16. Bxg7 Kxg7 17. b3 Ne5 18. f4 Ng4 19. Qb2 Kg8 20. Rad1 Qb6 21. h3 Nf6 22. e5 dxe5 23. Rxe5 Bd7 24. Nf3 Rxe5 25. fxe5 Nfe4 {0-1 Sebenik,M (2536)-Ceres,D (2438) 28th HIT Open 2024 (4.2)}) 11... c6 $146 ({RR} 11... Rb8 12. Be3 Ne5 13. Qd2 Be6 14. Nxe6 fxe6 15. Rad1 Qe7 16. a3 Rbd8 17. b4 c6 18. Qc1 Qf7 19. a4 d5 20. cxd5 exd5 21. exd5 cxd5 22. Bf4 Nc6 23. Rxe8+ Qxe8 24. b5 axb5 25. axb5 Ne7 26. Be5 {½-½ Van Heeswijk,E-Eppinga,R NED-ch U18 Nijmegen 1992}) ({RR} 11... h6 12. Be3 Kh7 13. Qd2 Ne5 14. b3 Bd7 15. Nc2 Qe7 16. a4 Rad8 17. Rad1 Bc8 18. Bf2 h5 19. Bh4 c6 20. f4 Neg4 21. h3 Nh6 22. Qf2 Qc7 23. e5 dxe5 24. Rxd8 Rxd8 25. fxe5 Nfg8 26. Bxd8 {1-0 Mahmud,S (2325)-Sofyan,S World Cities 1997 (5)}) 12. Nb3 Qc7 13. Be3 Ne5 14. Rc1 Be6 15. Nd5 Bxd5 16. cxd5 c5 17. a4 Rab8 18. a5 Qd8 19. Rc2 h6 20. Qa1 Nh5 21. Nd2 Kh8 22. Qa4 b5 23. axb6 Rxb6 24. Bxa6 Rb4 25. Qa2 f5 26. Bf1 f4 27. Bf2 g5 28. Nc4 Rg8 29. Qa6 Nxc4 30. Bxc4 Rb6 31. Qa3 Be5 32. Rb1 Rb4 33. Be1 Bd4+ 34. Kf1 g4 35. Bxb4 cxb4 36. Qd3 Qf6 37. Rd1 Be3 38. e5 Qh4 39. Re1 Qxh2 40. Rxe3 Qh1+ 41. Ke2 fxe3 42. Qxe3 gxf3+ 43. gxf3 Qh2+ 44. Kd3 Nf4+ 45. Kd4 Qxc2 46. Qxf4 Qxb2+ 47. Ke4 Qxe5+ 48. Qxe5+ dxe5 49. Kxe5 Rb8 50. Bb3 Kg7 51. d6 Kf8 52. f4 h5 53. f5 h4 54. Kf4 Rd8 55. Ke4 0-1

[Event "Olympiad Women 2024"]
[Site "Budapest HUN"]
[Date "2024.09.12"]
[Round "2.8"]
[Board "3"]
[White "Lee, Alice"]
[Black "Fronda, Jan Jodilyn"]
[Result "1-0"]
[WhiteElo "2384"]
[BlackElo "2165"]
[PlyCount "64"]
[EventDate "2024.09.11"]
[WhiteTeam "United States of America"]
[BlackTeam "Philippines"]
[BlackTeamCountry "PHI"]

1. d4 Nf6 2. c4 c5 3. d5 b5 4. Nd2 Qa5 5. Qc2 bxc4 6. e4 d6 7. Bxc4 g6 8. Ne2 ({RR} 8. b3 Bg7 9. Bb2 O-O 10. Bc3 Qd8 11. Ngf3 a5 12. O-O Bd7 13. Qd3 a4 14. Rfe1 Ra7 15. Rab1 Qc8 16. bxa4 Rxa4 17. Rb6 Ra3 18. Rb3 Ra8 19. Reb1 Bh6 20. Rb6 Nh5 21. Ne1 Nf4 22. Qf1 Ba4 {½-½ Krizsany,L (2414)-Szajbely,Z (2275) HUN-chT 1920 2019 (3.9)}) 8... Bg7 9. O-O O-O 10. b3 $146 ({RR} 10. Nc3 Ba6 11. Bxa6 Qxa6 12. Nd1 Nbd7 13. Nc4 Ng4 14. Bd2 Rab8 15. Qd3 Nb6 16. Ne5 c4 {0-1 Zaitsev,M (2270)-Arakelov,I RUS-ch U18 Kolontaevo 1998}) ({RR} 10. Nc3 Nbd7 11. Be2 Qc7 12. h3 Nb6 13. a4 a5 14. Rd1 Ba6 15. Nb5 Qd8 16. Ra3 c4 17. Nf3 Bxb5 18. axb5 Nfd7 19. Be3 Nc5 20. Nd4 Bxd4 21. Bxd4 Qd7 22. Bxc4 Nxc4 23. Qxc4 Rfb8 24. Bxc5 dxc5 {1-0 Topalov,V (2495)-Mayer,D Dornbirn op 1990}) 10... Qc7 11. Bb2 a5 12. h3 Ba6 13. f4 Qb7 14. Rab1 Nbd7 15. Bc3 Qc7 16. Qd3 Bb7 17. a4 Rfd8 18. g4 Nb6 19. Rf2 Qc8 20. Bb5 e6 21. Nc4 Qc7 22. Nxb6 Qxb6 23. g5 exd5 24. gxf6 dxe4 25. Qg3 Bf8 26. f5 d5 27. fxg6 hxg6 28. Nf4 Qc7 29. Qg5 Kh7 30. Qh4+ Bh6 31. Ne6 fxe6 32. Bd2 Qf7 1-0

[Event "Olympiad Women 2024"]
[Site "Budapest HUN"]
[Date "2024.09.12"]
[Round "2.8"]
[Board "4"]
[White "Canino, Ruelle"]
[Black "Zatonskih, Anna"]
[Result "0-1"]
[WhiteElo "2004"]
[BlackElo "2320"]
[PlyCount "66"]
[EventDate "2024.09.11"]
[WhiteTeam "Philippines"]
[BlackTeam "United States of America"]
[WhiteTeamCountry "PHI"]

1. c4 e5 2. Nf3 e4 ({RR} 2... d5 3. g3 Nf6 4. Bg2 dxc4 5. Qa4+ c6 6. Qxc4 b5 7. Qc2 Bb7 8. O-O Nbd7 9. d3 {½-½ Mohr,G (2483)-Pavasovic,D (2510) SLO-chT 09th 1999 (3)}) ({RR} 2... Nf6 3. Nxe5 d6 4. Nf3 Be7 5. g3 O-O 6. Bg2 c6 7. O-O h6 8. Nc3 Re8 9. d4 Bf8 10. Qc2 Qc7 11. e4 b6 12. Re1 Bb7 13. h3 Nbd7 14. b3 a5 15. Bb2 g6 16. Rad1 Bg7 17. Re2 {1-0 Lorenzo de la Riva,L (2404)-Andreev,K (2151) Titled Tue 15th Aug Early 2023 (4)}) 3. Ng1 Nf6 4. Nc3 Bb4 $146 ({RR} 4... Bc5 5. e3 O-O 6. d4 exd3 7. Bxd3 Nc6 8. Nf3 d6 9. h3 Ne5 10. Nxe5 dxe5 11. Qc2 c6 12. O-O Qe7 13. b3 Bd7 14. Bb2 Rad8 15. Rad1 {½-½ Igriashvili,Z (2241)-Balashov,Y (2487) Tula Timashkov Memorial 2004 (2)}) ({RR} 4... Bc5 5. g3 O-O 6. Bg2 Re8 7. Qc2 Qe7 8. Nh3 Nc6 9. O-O Nd4 10. Qb1 d5 11. cxd5 Bf5 12. Nf4 g5 13. Nh3 e3 14. d3 exf2+ 15. Kh1 Bxh3 16. Bxh3 g4 17. Bg2 Nxe2 18. Bg5 Qe5 19. Bxf6 {0-1 Tyle,V-Vojta,T (2225) Svetla nad Sazavou op-A 1998 (1)}) 5. Qc2 Qe7 6. Nb5 d5 7. a3 c6 8. cxd5 O-O 9. dxc6 Bc5 10. e3 Nxc6 11. d4 Bb6 12. Ne2 Bd7 13. Ng3 Rac8 14. Nc3 Rfe8 15. Be2 Bc7 16. b4 a5 17. b5 Nb4 18. axb4 axb4 19. Na4 Bxg3 20. Qb2 Bd6 21. Nb6 Rc7 22. Bd2 Be6 23. O-O Nd5 24. Nxd5 Bxd5 25. b6 Rc6 26. Bb5 Bxh2+ 27. Kxh2 Qh4+ 28. Kg1 Rh6 29. f4 exf3 30. Rxf3 Bxf3 31. Bf1 Qh2+ 32. Kf2 Bxg2 33. Qxb4 Bxf1+ 0-1

[Event "Olympiad Women 2024"]
[Site "Budapest HUN"]
[Date "2024.09.12"]
[Round "2.9"]
[Board "1"]
[White "Goossens, Hanne"]
[Black "Paehtz, Elisabeth"]
[Result "0-1"]
[WhiteElo "2189"]
[BlackElo "2455"]
[PlyCount "76"]
[EventDate "2024.09.11"]
[WhiteTeam "Belgium"]
[BlackTeam "Germany"]
[WhiteTeamCountry "BEL"]
[BlackTeamCountry "GER"]

1. e4 e5 2. Nf3 Nc6 3. Bc4 Nf6 4. d4 exd4 5. e5 d5 6. Bb5 Nd7 7. O-O Be7 8. Bxc6 bxc6 9. Nxd4 Nb8 10. Nc3 O-O 11. Qf3 a5 12. Re1 Ra6 13. Nf5 Bxf5 14. Qxf5 Rb6 $146 ({RR} 14... c5 15. Bf4 Re6 16. Rad1 c6 17. Ne4 Qc8 18. Ng5 Bxg5 19. Bxg5 f6 20. Bd2 fxe5 21. Qh5 Nd7 22. Re3 Nf6 23. Qg5 Ne4 24. Rxe4 dxe4 25. Be3 Rg6 26. Qh4 Rg4 27. Qe7 Rxg2+ 28. Kh1 Qh3 29. Qxe5 {0-1 Montero Olmos,J (1946)-Bernado Lopez,R (2203) XXIII Foment Martinenc Op 2023 (7.9)}) ({RR} 14... c5 15. Rd1 c6 16. Rd3 g6 17. Qf4 f5 18. Qh6 Qd7 19. Bg5 Bxg5 20. Qxg5 Qe6 21. Re1 Nd7 22. h4 f4 23. h5 Rf5 24. Qd8+ Kg7 25. hxg6 Nxe5 26. gxh7 Nf3+ 27. gxf3 Qxe1+ 28. Kg2 Kxh7 29. Rd1 {1-0 Najer,E (2659)-Robson,R (2681) Chess.com Rapid Wk8 Swiss 2022 (5)}) ({RR} 14... f6 15. e6 d4 16. Ne2 c5 17. Ng3 g6 18. Qd3 Rb6 19. Bh6 Re8 20. h4 Nc6 21. h5 Nb4 22. Qd1 Qd5 23. a3 Na6 24. hxg6 hxg6 25. Qg4 Kh7 26. Bd2 Rh8 27. c4 Qxc4 28. Nf5 gxf5 29. Qh5+ {1-0 Hollan,M (2373)-Gorkiewicz,M (2223) Krakow International 2024 (2.22)}) ({RR} 14... c5 15. Qd3 d4 16. Ne4 Rb6 17. f4 Nc6 18. b3 Nb4 19. Qc4 Qd5 20. Qxd5 Nxd5 21. Bd2 a4 22. Nf2 Rc6 23. Rab1 c4 24. bxa4 Ra6 25. Re4 c5 26. a5 c3 27. Bc1 Rxa5 28. a3 Raa8 29. Rb7 {0-1 Makaraci,T (2130)-Han,Y (2286) Belgrade Gligoric Memorial 2022 (9)}) 15. b3 Qd7 16. Qd3 Rd8 17. Na4 Rb5 18. Bb2 Na6 19. Nc3 Rb6 20. Ne2 c5 21. Ng3 Nb4 22. Qd2 Qg4 23. f4 Rh6 24. Re2 Qh4 25. Nf1 d4 26. Re4 Nd5 27. g3 Qg4 28. Qe2 Qf5 29. Qg2 Rg6 30. Ree1 Nxf4 31. Qf3 Nh3+ 32. Kg2 Qxc2+ 33. Re2 Qxe2+ 34. Qxe2 Nf4+ 35. Kf2 Nxe2 36. Kxe2 Re6 37. Nd2 Rxe5+ 38. Kf2 Rf5+ 0-1

[Event "Olympiad Women 2024"]
[Site "Budapest HUN"]
[Date "2024.09.12"]
[Round "2.9"]
[Board "2"]
[White "Heinemann, Josefine"]
[Black "Vanduyfhuys, Daria"]
[Result "1/2-1/2"]
[WhiteElo "2316"]
[BlackElo "2112"]
[PlyCount "63"]
[EventDate "2024.09.11"]
[WhiteTeam "Germany"]
[BlackTeam "Belgium"]
[WhiteTeamCountry "GER"]
[BlackTeamCountry "BEL"]

1. c4 Nf6 2. Nf3 g6 3. Nc3 Bg7 4. d4 d6 5. e4 O-O 6. Be2 Nbd7 7. O-O e5 8. Re1 exd4 9. Nxd4 Nc5 10. Bf1 Re8 11. f3 Ne6 12. Nde2 ({RR} 12. Be3 Nxd4 13. Bxd4 Nd7 14. Bxg7 Kxg7 15. Qd4+ Qf6 16. Qd2 Ne5 17. Nd5 Qd8 18. Qc3 f6 19. Rad1 Be6 20. c5 c6 21. Ne3 d5 22. exd5 cxd5 23. Bb5 Rf8 24. Nc4 Nxc4 25. Rxe6 Ne5 26. Rd6 Qc7 {1-0 Wu,W (2435)-Wang,S (2411) Qingdao Daily Cup 1999 (6)}) ({RR} 12. Be3 Nxd4 13. Bxd4 Nh5 14. Bxg7 Nxg7 15. Qc2 Be6 16. Rad1 Qg5 17. Nd5 Bxd5 18. cxd5 Re7 19. Qb3 b6 20. g3 f5 21. f4 Qf6 22. e5 Qf7 23. e6 Qf6 24. Rc1 Nh5 25. Rc4 g5 26. Be2 Ng7 {0-1 Aponte Castillo,E (2023)-Sanchez Soba,O (1386) 10th Velez Rapid 2023 (7.14)}) 12... Bd7 $146 ({RR} 12... Nh5 13. Be3 Be5 14. Qd2 g5 15. g3 Qf6 16. Bg2 c6 17. Rf1 Qg7 18. f4 gxf4 19. gxf4 Bf6 20. Kh1 Qf8 21. Bf3 Nhg7 22. Rg1 Kh8 23. Rg3 Bh4 24. Rg4 Qe7 25. f5 Nc5 26. Rag1 Nxf5 27. exf5 {1-0 Cruz,C (2525)-Rius Marse,J (2011) Sitges op 35th 2009 (1)}) ({RR} 12... a6 13. Be3 Rb8 14. b4 b5 15. cxb5 axb5 16. Nd4 Nxd4 17. Bxd4 c5 18. Bf2 cxb4 19. Nxb5 d5 20. e5 Nh5 21. Bd4 Qg5 22. Qc1 Qh4 23. g4 Bd7 24. Bf2 Qd8 25. Nd4 Bxe5 26. gxh5 Rc8 27. Qd2 {1-0 Doostkam,P (2151)-Rezvani,A (2065) Hamadan Iran op 11th 2012 (4)}) 13. Be3 a6 14. a4 a5 15. Qc2 Qe7 16. Rad1 Rad8 17. Bf2 Qf8 18. Nb5 Bxb5 19. axb5 Nd7 20. Nc3 Be5 21. g3 Qg7 22. Qd2 Ndc5 23. Bg2 Nb3 24. Qc2 Nbd4 25. Qb1 g5 26. Re3 c6 27. Red3 Nb3 28. Na4 Nbd4 29. Nc3 Nb3 30. Na4 Nbd4 31. Nc3 Nb3 32. Na4 1/2-1/2